|
|
|
|
| LEADER |
02689nam a2200673 i 4500 |
| 001 |
nkc20162775930 |
| 003 |
CZ PrNK |
| 005 |
20250131093839.0 |
| 007 |
ta |
| 008 |
160203s2015 xr ach f 000 0 cze |
| 015 |
|
|
|a cnb002775930
|
| 020 |
|
|
|a 978-80-204-3499-9
|q (vázáno)
|
| 035 |
|
|
|a (OCoLC)949214569
|
| 040 |
|
|
|a BOA001
|b cze
|e rda
|
| 043 |
|
|
|a e-xr---
|b e-xr-zl
|2 czenas
|
| 045 |
|
|
|a x3y0
|
| 072 |
|
7 |
|a 623
|x Vojenská technika
|2 Konspekt
|9 19
|
| 080 |
|
|
|a 623.4:338.45
|2 MRF
|
| 080 |
|
|
|a 334.72(091)
|2 MRF
|
| 080 |
|
|
|a 623.441/.443
|2 MRF
|
| 080 |
|
|
|a (437.3)
|2 MRF
|
| 080 |
|
|
|a (437.323)
|2 MRF
|
| 080 |
|
|
|a (048.8)
|2 MRF
|
| 080 |
|
|
|a (082.2)
|2 MRF
|
| 100 |
1 |
|
|a Pazdera, David,
|d 1973-
|7 js20050404012
|4 aut
|
| 245 |
1 |
0 |
|a Legenda jménem CZ :
|b historie a současnost České zbrojovky Uherský Brod /
|c David Pazdera
|
| 246 |
3 |
0 |
|a Historie a současnost České zbrojovky Uherský Brod
|
| 250 |
|
|
|a První vydání
|
| 264 |
|
1 |
|a Praha :
|b Mladá fronta,
|c 2015
|
| 300 |
|
|
|a 503 stran :
|b ilustrace (převážně barevné), portréty, faksimile ;
|c 27 cm
|
| 336 |
|
|
|a text
|b txt
|2 rdacontent
|
| 337 |
|
|
|a bez média
|b n
|2 rdamedia
|
| 338 |
|
|
|a svazek
|b nc
|2 rdacarrier
|
| 500 |
|
|
|a Vydáno pro Českou zbrojovku a.s..
|
| 500 |
|
|
|a Chronologický přehled
|
| 504 |
|
|
|a Obsahuje bibliografii
|
| 610 |
2 |
7 |
|a Česká zbrojovka Uherský Brod
|7 kn20020322440
|2 czenas
|
| 648 |
|
7 |
|a 20.-21. století
|7 ch462155
|2 czenas
|
| 650 |
0 |
7 |
|a zbrojní průmysl
|7 ph127558
|z Česko
|y 20.-21. století
|2 czenas
|
| 650 |
0 |
7 |
|a dějiny podniků
|7 ph506474
|z Česko
|y 20.-21. století
|2 czenas
|
| 650 |
0 |
7 |
|a střelné zbraně
|7 ph116324
|z Česko
|2 czenas
|
| 650 |
0 |
9 |
|a weapons industry
|z Czechia
|y 20th-21st centuries
|2 eczenas
|
| 650 |
0 |
9 |
|a history of business enterprises
|z Czechia
|y 20th-21st centuries
|2 eczenas
|
| 650 |
0 |
9 |
|a ranged weapons
|z Czechia
|2 eczenas
|
| 651 |
|
7 |
|a Uherský Brod (Česko)
|7 ge131203
|2 czenas
|
| 651 |
|
9 |
|a Uherský Brod (Czechia)
|2 eczenas
|
| 655 |
|
7 |
|a monografie
|7 fd132842
|2 czenas
|
| 655 |
|
7 |
|a jubilejní publikace
|7 fd131839
|2 czenas
|
| 655 |
|
9 |
|a monographs
|2 eczenas
|
| 655 |
|
9 |
|a jubilee books
|2 eczenas
|
| 710 |
2 |
|
|a Česká zbrojovka Uherský Brod
|7 kn20020322440
|4 oth
|
| 856 |
4 |
1 |
|u http://www.digitalniknihovna.cz/mzk/uuid/uuid:c7b5ace0-4ecb-11e8-afec-005056827e51
|y Digitalizovaný dokument
|x NDK
|
| 910 |
2 |
|
|a BOA001
|b 3-1364.107
|
| 928 |
9 |
|
|a Česká zbrojovka
|
| 990 |
|
|
|a BK
|
| 995 |
|
|
|a 01
|
| 991 |
|
|
|b 201603
|c NOV
|
| 996 |
6 |
|
|b 2610663188
|c 3-1364.107
|l MZK
|r Sklad / do 1 hodiny
|n 8
|p p.v.
|w 001548797
|u 000010
|a 1
|e BOA001
|j MZK50
|s P
|
| 996 |
6 |
|
|b 2610663827
|c 3-1364.107
|l MZK
|r STM 6p
|n 0
|p kup
|h 623.4 PAZ
|w 001548797
|u 000020
|a 0
|e BOA001
|j MZK50
|s P
|